• 首页
  • 本馆介绍
  • 公告通知
  • 最新文献
  • 馆藏检索
  • 电子资源
  • 读者导购
  • 参考咨询
  • 我的图书馆
  • 登录
  • 详细信息显示
  • 放入我的书架
  • 预约/预借图书
  • 作者相关作品
  • 分类相关作品
  • 丛书相关作品
  • 出版社相关作品

书目信息

  • 表格格式
  • 工作单格式
  • 卡片格式
题名:
乐感从哪里来
    
 
作者: 周立清, 著
分册:  
出版信息: 广州   世界图书出版广东有限公司  2017
页数: 328页
开本: 24cm
丛书名:
单 册:
中图分类: G633.951.2
科图分类:
主题词: 音乐教育--yin yue jiao yu--素质教育--教学研究--中小学
电子资源:
ISBN: 978-7-5192-3061-6
000 01490nam0 2200289 450
001 012001002789
005 20131031081820.0
010    @a978-7-5192-3061-6@dCNY64.00
099    @aCAL 012017127616
100    @a20170801d2017 em y0chiy50 ea
101 0  @achi
102    @aCN@b440000
105    @ay a 000yy
106    @ar
200 1  @a乐感从哪里来@Ayue gan cong na li lai@e学生音乐素质的培养研究@d= Music where is musicality from studies on nurturing students' music literacy@f周立清著@zeng
210    @a广州@c世界图书出版广东有限公司@d2017
215    @a328页@d24cm
314    @a周立清, 特级教师。1969年出生于武汉。中国音乐家协会会员。
320    @a有书目 (第325-326页)
330    @a本书从音乐核心能力的角度, 讲述了什么是乐感、乐感从哪里来、乐感的基本内涵和特性、乐感的重要性等。引导学生从天生乐感再到音乐素质培养, 通过一系列的音乐手段培养出更高层次的音乐修养。本书围绕着学生音乐素质培养这一重要主题, 安排了八个富有特色的章节先后从古今中外的音乐欣赏中、从丰富多彩的器乐教学中、从自然快乐的歌唱教学中、从魅力十足的合唱教学中、从奇思妙想的音乐创造中培养和提升学生音乐素质。
510 1  @aMusic where is musicality from studies on nurturing students' music literacy@zeng
517 1  @a学生音乐素质的培养研究@Axue sheng yin yue su zhi de pei yang yan jiu
606 0  @a音乐教育@Ayin yue jiao yu@x素质教育@x教学研究@x中小学
690    @aG633.951.2@v5
701  0 @a周立清,@Azhou li qing@f1969-@4著
801  2 @aCN@b江苏凤凰@c20191020
905    @b1230636-9@dG633.951.2@e165@f4
    
    乐感从哪里来:学生音乐素质的培养研究= Music where is musicality from studies on nurturing students' music literacy/周立清著.-广州:世界图书出版广东有限公司,2017
    328页;24cm
    
    
    ISBN 978-7-5192-3061-6:CNY64.00
    本书从音乐核心能力的角度, 讲述了什么是乐感、乐感从哪里来、乐感的基本内涵和特性、乐感的重要性等。引导学生从天生乐感再到音乐素质培养, 通过一系列的音乐手段培养出更高层次的音乐修养。本书围绕着学生音乐素质培养这一重要主题, 安排了八个富有特色的章节先后从古今中外的音乐欣赏中、从丰富多彩的器乐教学中、从自然快乐的歌唱教学中、从魅力十足的合唱教学中、从奇思妙想的音乐创造中培养和提升学生音乐素质。
●
相关链接 在E读中查询图书 在五车中查询图书 在当当中查询图书 在豆瓣中查询图书


正题名:乐感从哪里来     索取号:G633.951.2/165         预约/预借

序号 登录号 条形码 馆藏地/架位号 状态 备注
1 1230636   212306360   第一样本阅览室/ [索取号:G633.951.2/165] 在馆    
2 1230637   212306379   教育系资料室/ [索取号:G633.951.2/165] 在馆    
3 1230638   212306388   教育系资料室/ [索取号:G633.951.2/165] 在馆    
4 1230639   212306397   第四借阅区/ [索取号:G633.951.2/165] 在馆    
唐山师范学院图书馆 欢迎您!
大连网信软件有限公司© 版权所有